Avaluació de l'impacte Pla Agrupat 2006 : resum executiu / elaborat per: Joaquín Gairín Sallán (director), ... [et al.] resum executiu / elaborat per:
Publicado:
Barcelona :
Diputació de Barcelona. Àrea de Coordinació i Govern Local. Gerència de Serveis d'Assitència al Govern Local. Servei d'Assistència en Formació i Millora de l'Organització Municipal, [2007?]
Descripción Física:
72 p. ; 30 cm
Otros Autores:
Gairín Sallán, Joaquín
MARC
| LEADER | 00000nam a2200000Ia 4500 | ||
|---|---|---|---|
| 001 | 21669 | ||
| 003 | BGR | ||
| 005 | 20260324180053.0 | ||
| 008 | 160829s9999 xx 000 0 cat d | ||
| 080 | |a E-1-335 | ||
| 245 | |a Avaluació de l'impacte Pla Agrupat 2006 : |b resum executiu / elaborat per: |b Joaquín Gairín Sallán (director), ... [et al.] | ||
| 260 | |a Barcelona : |b Diputació de Barcelona. Àrea de Coordinació i Govern Local. Gerència de Serveis d'Assitència al Govern Local. Servei d'Assistència en Formació i Millora de l'Organització Municipal, [2007?] | ||
| 300 | |a 72 p. ; |c 30 cm | ||
| 650 | |a Pla Agrupat 2006 |x Avaluació |9 45380 | ||
| 650 | 0 | |a Educació permanent |9 31514 | |
| 700 | |a Gairín Sallán, Joaquín |e director |9 43714 | ||
| 710 | 1 | |a Barcelona (Catalunya : Província). |b Diputació |b Servei d'Assistència en Formació i Millora de l'Organització Municipal |9 52408 | |
| 901 | |a Arxiu | ||
| 942 | |n 1 |2 udc |c MON | ||
| 952 | |0 0 |1 0 |4 0 |6 E1335 |7 1 |9 52560 |a Arxiu |b Arxiu |d 2016-12-01 |l 0 |o E-1-335 |p 21669 |r 2016-12-01 00:00:00 |w 2016-12-01 |y ARXIU | ||
| 999 | |c 56409 |d 56409 | ||